Quiz des Ratus #2 : Nintendo - Statistiques

Statistiques générales
  • Ce quiz a été pris 25 fois
  • Le résultat moyen est 14 sur 50
Statistiques - réponses
Hint Réponse % Correct
En quelle année est sorti Super Smash Bros. Ultimate ? 2018
84%
En quelle année est sorti The Legend of Zelda Twilight Princess ? 2006
74%
Dans quel Super Smash Bros King K.Rool a-t-il pu être jouable pour la première fois ? Super Smash Bros. Ultimate
74%
Sur quelle console est sorti F-Zero GX ? Gamecube
63%
Avant de s'appeler Mario, comment le plombier rouge s'appelait-il ? Jumpman
58%
Citez un rival issu de la sixième génération de Pokémon ! Serena / Kalem / Sannah / Tierno / Trovato
58%
Quel est le nom du Metroid 2D sorti sur Switch le 8 octobre 2021 ? Metroid Dread
53%
Quel est le nom du protagoniste de Earthbound ? Ness
53%
Citez une course de Mario Kart ayant le mot "Daisy" dedans ! Paquebot Daisy / Circuit Daisy / Vallée Daisy
53%
Dans Pokémon X/Y, quelle est le nom de la Team ennemie ? Team Flare
53%
En quelle année est sorti Kirby's Return to Dream Land sur Wii au Japon ? 2011
47%
Sur quelle console est sorti pour la première fois Kirby's Dream Land ? Game Boy
47%
Quel est le nom de l'engin cracheur d'eau que Mario utilise dans Super Mario Sunshine ? J.E.T
47%
Quel est le nom complet de l'héroïne de la série Metroid ? Samus Aran
47%
Combien y'a-t-il de mondes dans Super Mario 3D World ? 12
42%
Dans Ocarina of Time, quel personnage est considéré comme le sage de l'Ombre mais également qui est en charge de la protection de Zelda ? Impa
42%
Combien y'avait-il de personnages jouables dans Super Mario Strikers ? 8
37%
Dans la version Gamecube de Soul Calibur 2, quel personnage de Nintendo est jouable en tant que guest ? Link
37%
Comment s'appelle le fabricant de Poké Balls, résidant à Écorcia dans la région de Johto dans les jeux Pokémon ? Fargas
32%
Quel est le nom complet du Hyrule Warriors qui est sorti le 6 novembre 2025 ? Hyrule Warriors : Les Chroniques du sceau
26%
Dans Pokémon Noir/Blanc et Noir 2/Blanc 2, comment s'appelle la quatrième championne d'arène ? Inezia
26%
Quel personnage, issu de Pokémon X, peut-on retrouver en tant que directrice adjointe du laboratoire Pokémon à Illumis dans Pokémon Légendes Z-A ? Myosotis
26%
Comment s'appelle la jeune sorcière habillée en rouge, aux cheveux noirs de l'univers de WarioWare, introduite pour la première fois dans WarioWare Touched ? Ashley
21%
Comment s'appelle cet ennemi apparu pour la première fois dans Super Mario Bros. 3, qui ressemble à un chien métallique rond avec une chaine le retenant la plupart du temps ? Chain Chomp
21%
Quelle musique a-t-on pu entendre pour la première fois dans Donkey Kong 64 commence par ses paroles : "So they're finally here, performing for you !" DK Rap
21%
Dans Super Mario Galaxy 1, dans quelle pièce de l'observatoire se situe la galaxie des Jardins Venteux ? La chambre
21%
Lors de la présentation de Terry Bogard pour Smash Ultimate, qui a dit ceci à propos de Mai Shiranui : "Super Smash Bros. Ultimate est un jeu pour les filles et les garçons sages de tout âge, alors nous avons décidé de ne pas l'inclure.", provoquant ensuite un rire général ? Masahiro Sakurai
21%
Dans Pokémon Diamant/Perle/Platine, quel est le nom de la ville dans laquelle se situe la deuxième arène ? Vestigion
21%
Dans Kid Icarus Uprising, comment s'appelle la déesse de la nature ? Viridi
21%
Comment s'appelle le platformer 3D avec Wario en personnage principal sorti en 2003 en Europe ? Wario World
21%
En quelle année est sorti Xenoblade Chronicles 2 sur Switch au Japon ? 2017
16%
Dans quel jeu annoncé durant le Nintendo Direct incluant les 40 ans de Mario a-t-on pu voir certains personnages être transformés en bébés ? Mario Tennis Fever
16%
Citez une course de F-Zero sur SNES ! Mute City (1, 2, 3) / Big Blue / Sand Ocean / Death Wind (1, 2) / Silence / Port Town (1, 2) / Red Canyon (1, 2) / White Land (1, 2) / Fire Field
16%
Quel est le nom de ce jeu de rythme sorti sur DS le 31 juillet 2008 au Japon et 1er Mai 2009 en Europe ? Rhythm Paradise
16%
Quel est l'intitulé du prochain Fire Emblem, qui sortira en 2026 et qui a été annoncé durant le Nintendo Direct du 12 Septembre 2025 ? Fire Emblem : Fortune's Weave
11%
Quel Mario 2D uniquement sorti au Japon sur Famicom sous le nom Super Mario Bros. 2 puis ressorti dans la collection Super Mario All-Stars sur SNES, est connu pour sa difficulté extrême et ses niveaux frustrants ? Super Mario Bros.: The Lost Levels
11%
Dans New Super Luigi U et sans jouer Toadette ou Carottin, combien de temps dure les niveaux ? 100 secondes
5%
Comment s'appelle la propriétaire de l'hôtel de Luigi's Mansion 3, et également l'une des deux antagonistes de ce jeu ? Ambre Brusquade
5%
Quel personnage féminin chante la chanson "Lost in Thoughts All Alone" dans Fire Emblem Fates ? Azura
5%
Dans la série Mario Party, quel est le seul personnage qui a fait une unique apparition jouable dans Mario Party 8 ? Bloups
5%
Citez un des 9 modes de jeu disponibles dans Kirby Super Star ! Brise de printemps / Dyna Blade / Rallye Exquis / La Caverne du Péril / La vengeance de Meta Knight / Conflit Astral / L'arène / Poing Final / Kirby samouraï
5%
Quel est le nom de l'antagoniste principal de Mario & Luigi : Voyage au Centre de Bowser ? Gracowitz
5%
Dans Fire Emblem Three Houses, de quelle maison Edelgard est-elle la déléguée ? Les Aigles de jais
5%
Dans quel jeu Pauline a-t-elle pu être jouable pour la première fois ? Mario Tennis Aces
5%
Comment s'appelle la rivale trouvable à Isolarmure uniquement dans Pokémon Épée ? Sophora
5%
Dans les F-Zero, qui pilote le Golden Fox ? Dr. Stewart
0%
Dans The Legend of Zelda: Echoes of Wisdom, quel est le nom du boss final ? Nihil
0%
Comment s'appelle le parasol que Peach utilise comme arme dans Super Princess Peach ? Perry
0%
Comment s'appelle le duo formé par Coralie et Perle sur Splatoon 2 ? Tenta-Cool
0%
Comment s'appelle l'antagoniste principal de Diddy Kong Racing ? Wizpig
0%
Aucun quiz correspondant
Distribution des résultats
% des personnes avec chaque résultat
Percentile par nombre de réponses
Votre historique - résultats
Vous n’avez pas pris ce quiz